| 000 | 00956nas a2200325 4500 | ||
|---|---|---|---|
| 001 | BR0500964 | ||
| 003 | BR-BrBNA | ||
| 005 | 20231205105133.0 | ||
| 007 | ta | ||
| 008 | 230509b bl.|||p| |||| 00| 00por d | ||
| 040 |
_aBR-BrBNA _bpor _cBiblioteca Nacional de Agricultura |
||
| 041 | _a(Pt) | ||
| 072 | _aL74; L50 | ||
| 100 | 1 | _aOliveira, M.C. de | |
| 100 | 1 | _aArantes, U.M. | |
| 100 | 1 | _aAlves, J.A. | |
| 245 | 1 | _aDesempenho produtivo e contagem de linfócitos de coelhos sexados submetidos a duas densidades populacionais | |
| 650 | _aCOELHO | ||
| 650 | _aDENSIDADE DEMOGRÁFICA | ||
| 650 | _aPESO | ||
| 650 | _aSEXO | ||
| 650 | _aMODELO MATEMÁTICO | ||
| 650 | _aRENDIMENTO | ||
| 650 | _aLINFÓCITO | ||
| 650 | _aSTRESS | ||
| 650 | _aIMUNIDADE | ||
| 773 | 0 |
_tCiência Animal Brasileira (Brazil) _xISSN 1518-2797 _g(Jul-Dec 2003), v. 4(2) p. 109-115 _wBR0500964 |
|
| 909 |
_a202311 _bLúcia _c55 _dLúcia Elande |
||
| 942 |
_2AGRIS _n0 _cANA |
||
| 999 |
_c181426 _d181426 |
||